000 00674nam a2200289Ia 4500
005 20260324135640.0
008 008 260324s9999 xx 000 0 eng d
020 _a9780203744376
037 _aEBOOK
040 _aCRL
040 _beng
040 _cCRL
041 _2eng
041 _aeng
084 _qCRL
100 _aJ. Necas
_91201371
245 0 _aPartial Differential Equations
245 0 _bTheory and Numerical Solution
260 _bTaylor and Francis
260 _c2000
365 _a
365 _b1155
856 _uhttp://www.taylorfrancis.com/books/9780203744376
942 _cEBOOK
999 _c1802694
_d1802694